| 000 | 00385nam a2200133Ia 4500 | ||
|---|---|---|---|
| 005 | 20251222143149.0 | ||
| 008 | 251222s9999||||xx |||||||||||||| ||spa|| | ||
| 020 | _a978-9972-57-140-4 | ||
| 082 | _a361.25/S21 | ||
| 100 | _aSanborn, Cynthia A. | ||
| 245 | 0 | _aFilantropía y Cambio Social en América Latina | |
| 264 | _bCentro de Investigación Universidad del Pacífico | ||
| 942 | _cLIB | ||
| 999 |
_c12609 _d12609 |
||